LIBRARY & INFORMATION CENTRE, KCAET, TAVANUR

ONLINE PUBLIC ACCESS CATALOGUE (OPAC)

Course of mathematics for engineers and scientists / (Record no. 1973)

MARC details
000 -LEADER
fixed length control field 00499cam a2200193ua 4500
041 ## - LANGUAGE CODE
Language code of text/sound track or separate title eng
082 ## - DEWEY DECIMAL CLASSIFICATION NUMBER
Classification number 510.2462
Item number CHI/CO
100 ## - MAIN ENTRY--AUTHOR NAME
Personal name Chirgwin, B H .
245 ## - TITLE STATEMENT
Title Course of mathematics for engineers and scientists /
250 ## - EDITION STATEMENT
Edition statement 4 /
260 ## - PUBLICATION, DISTRIBUTION, ETC. (IMPRINT)
Place of publication Oxford :
Name of publisher Pergamon Press ,
Year of publication 1964.
300 ## - PHYSICAL DESCRIPTION
Number of Pages 353 ; .
700 1# - ADDED ENTRY--PERSONAL NAME
Personal name Plumpton, C .
942 ## - ADDED ENTRY ELEMENTS (KOHA)
Koha item type Books
Holdings
Withdrawn status Lost status Damaged status Home library Current library Date acquired Full call number Accession Number Koha item type
      KAUAET KAUAET 27/03/1987 510.2462 16274 Books
free website counter